Faces of state terrorism / (Record no. 14230)

000 -LEADER
fixed length control field 01262cam a22003014a 4500
001 - CONTROL NUMBER
control field 17180339
005 - DATE AND TIME OF LATEST TRANSACTION
control field 20170105102850.0
008 - FIXED-LENGTH DATA ELEMENTS--GENERAL INFORMATION
fixed length control field 120224s2012 mau b 001 0 eng
010 ## - LIBRARY OF CONGRESS CONTROL NUMBER
LC control number 2012006489
020 ## - INTERNATIONAL STANDARD BOOK NUMBER
International Standard Book Number 9789004224568 (hardback : alk. paper)
040 ## - CATALOGING SOURCE
Original cataloging agency DLC
Transcribing agency DLC
Modifying agency DLC
042 ## - AUTHENTICATION CODE
Authentication code pcc
050 00 - LIBRARY OF CONGRESS CALL NUMBER
Classification number HV6431
Item number .W4727 2012
082 00 - DEWEY DECIMAL CLASSIFICATION NUMBER
Classification number 327.117
Edition number 23
100 1# - MAIN ENTRY--PERSONAL NAME
Personal name Westra, Laura.
245 10 - TITLE STATEMENT
Title Faces of state terrorism /
Statement of responsibility, etc. by Laura Westra.
260 ## - PUBLICATION, DISTRIBUTION, ETC.
Place of publication, distribution, etc. Boston :
Name of publisher, distributor, etc. Brill,
Date of publication, distribution, etc. c2012.
300 ## - PHYSICAL DESCRIPTION
Extent xvi, 243 p. ;
Dimensions 25 cm.
490 0# - SERIES STATEMENT
Series statement Studies in critical social sciences ;
Volume/sequential designation 42
504 ## - BIBLIOGRAPHY, ETC. NOTE
Bibliography, etc. note Includes bibliographical references and index.
505 0# - FORMATTED CONTENTS NOTE
Formatted contents note Terrorism : a conceptual analysis -- Terrorism and crime -- Terrorism : means and motives, the quest for independence and the limits to self-defense -- State terrorism and economic oppression : the many "faces" of state -- Terrorism -- State responsibility : principles and theory.
650 #0 - SUBJECT ADDED ENTRY--TOPICAL TERM
Topical term or geographic name entry element State-sponsored terrorism.
650 #0 - SUBJECT ADDED ENTRY--TOPICAL TERM
Topical term or geographic name entry element Terrorism
General subdivision Political aspects.
650 #0 - SUBJECT ADDED ENTRY--TOPICAL TERM
Topical term or geographic name entry element Terrorism
General subdivision Economic aspects.
906 ## - LOCAL DATA ELEMENT F, LDF (RLIN)
a 7
b cbc
c orignew
d 1
e ecip
f 20
g y-gencatlg
942 ## - ADDED ENTRY ELEMENTS (KOHA)
Source of classification or shelving scheme
Koha item type Book
Holdings
Withdrawn status Lost status Damaged status Not for loan Collection code Permanent Location Current Location Shelving location Date acquired Total Checkouts Full call number Barcode Date last seen Price effective from Koha item type
          Centre for International Peace & Stability (CIPS) Centre for International Peace & Stability (CIPS) General Stacks 08/20/2013   327.117 WES 2012 CIPS0000372 08/20/2013 08/20/2013 Book
© 2023 Central Library, National University of Sciences and Technology. All Rights Reserved.